Estudios de Historia de Murcia (Record no. 143294)

MARC details
000 -LEADER
campo de control de longitud fija 00672nam a2200205 4500
001 - NÚMERO DE CONTROL
campo de control 143294
003 - IDENTIFICADOR DE NÚMERO DE CONTROL
campo de control ES-MaACL
005 - FECHA Y HORA DE LA ÚLTIMA TRANSACCIÓN
campo de control 20260126130021.0
007 - CAMPO FIJO DE DESCRIPCIÓN FÍSICA--INFORMACIÓN GENERAL
campo de control de longitud fija t|
008 - DATOS DE LONGITUD FIJA--INFORMACIÓN GENERAL
campo de control de longitud fija 070214s1981 sp r ||||1| spa d
245 00 - MENCIÓN DEL TÍTULO
Título Estudios de Historia de Murcia
Resto del título : (recopilación) /
Mención de responsabilidad, etc. Rafael Serra Ruiz.
260 ## - PUBLICACIÓN, DISTRIBUCIÓN, ETC.
Lugar de publicación, distribución, etc. Murcia :
Nombre del editor, distribuidor, etc. Academia Alfonso X el Sabio,
Fecha de publicación, distribución, etc. 1981.
300 ## - DESCRIPCIÓN FÍSICA
Extensión X, 400 p. ;
Dimensiones 19 cm.
490 1# - MENCIÓN DE SERIE
Mención de serie Biblioteca murciana de bolsillo ;
Designación de volumen o secuencia 25
700 1# - ENTRADA AGREGADA--NOMBRE PERSONAL
Nombre de persona Serra Ruiz, Rafael.
9 (RLIN) 105657
710 0# - ENTRADA AGREGADA--NOMBRE DE ENTIDAD CORPORATIVA
Nombre de entidad corporativa o nombre de jurisdicción como elemento de entrada Academia Alfonso X el Sabio
9 (RLIN) 1142
830 0# - PUNTO DE ACCESO ADICIONAL DE SERIE-TÍTULO UNIFORME
Título uniforme Biblioteca murciana de bolsillo ;
Designación de volumen o secuencia 25
9 (RLIN) 179312
852 ## - LOCALIZACIÓN
Ubicación ES-MaACL
Número de control de estantería L-1713
Sublocalización o colección R.102676
Holdings
Estatus retirado Estado de pérdida Estado de daño No para préstamo Biblioteca de origen Biblioteca actual Ubicación en estantería Fecha de adquisición Fuente de adquisición Total de préstamos Signatura topográfica completa Código de barras Visto por última vez Precio de reemplazo Tipo de ítem Koha
        Biblioteca del Ateneo de Madrid Biblioteca del Ateneo de Madrid Depósito 2 17/01/2008     L-1713 1149089 23/02/2023 23/02/2023 Libro impreso